000 00421ntaaa2200169 4500
003 01
005 20251027202018.0
008 0714s1973 ag 01
040 _aAR-BaBN
_bspa
_cAR-BaBN
_eaacr
_dRIC
082 _a261.7000 F39
100 _aFernandez Suaz, Domingo
_918740
245 _aHoz o la Cruz
250 _a1 ed. :
_bEditorial Verdad,
_cc/963
300 _a143 p.
650 _aComunismo-Cristianismo
942 _cBK
999 _c14876
_d14876